000 01195cab a2200265 4500
001 ##L131932
008 051219n2005 000 0 eng u
035 _a(Sirsi) u131932
041 0 _aeng
100 1 _aMarcus, Peter
245 0 0 _aGas leaks
260 _c2005
490 0 _aSolicitors' Journal
_v149 (47) 9 December 2005, 1471-1473(3)
520 _aAdvises landlords on how to gain access to properties for mandatory gas inspections when the tenants won't let them in. Since the late 1990s landlords have been under an express legal obligation to check all properties with gas appliances at least once every 12 months. Looks at a range of legal and non-legal solutions to the problem of gaining entry.
590 _aIKA030106
650 2 4 _aGAS SAFETY (INSTALLATION AND USE) REGULATIONS 1998 REG 36
650 2 4 _aGAS SAFETY (INSTALLATION AND USE) REGULATIONS 1998 REG 39
650 2 4 _aCRIMINAL LAW ACT 1977
650 2 4 _aHOUSING ACT 1985 S54
650 2 4 _aHOUSING ACT 1988 S16
650 2 4 _aENVIRONMENTAL PROTECTION ACT 1990 S79
650 2 4 _aENVIRONMENTAL PROTECTION ACT 1990 S80
690 _aPROPERTY-RESIDENTIAL PROPERTY-RESIDENTIAL PROPERTY MANAGEMENT
942 _n0
999 _c76296
_d76296